000
00320nam a2200145Ia 4500
100
_a
Forouzan/ Behrouz/ A
250
_a
2
942
_c
BK
654
_a
communication
245
_a
Data Communication and Networking
260
_b
Tata Mc Graw hill
_c
2000
082
_a
4.65
_b
FOR
300
_a
908
546
_a
ENGLISH
999
_c
26456
_d
26456